000 00456nam a22001697a 4500
005 20251108165941.0
008 250721s1985 xx 000 0 ara d
082 1 4 _aق/هاو
100 1 _aهاوكنز، انتوني هوب
245 1 0 _aسجين زندا /
246 1 1 _aThe Prisoner of Zenda
264 1 _aبيروت :
_bدار البحار،
_c1985.
300 _a271ص
650 1 7 _aالأدب القصصي
942 _2ddc
_cBK
999 _c35683
_d35683